Minitab student version

Saved in:
Bibliographic Details
Corporate Author: Minitab Inc
Format: Book
Language:English
Published: Pacific Grove, CA : Duxbury, c1998
Edition:Release 12 for Windows
Subjects:
Tags: Add Tag
No Tags, Be the first to tag this record!

MARC

LEADER 00000nam a2200000 i 4500
001 1/65268
008 041109s1998 eng d
020 |a 0-534-36009-2 
035 |l 10075176 
040 |a GR-MY-UA  |b gre  |e aacr 
041 0 |a eng 
082 0 |a 519.5 
110 2 |a Minitab Inc. 
245 1 0 |a Minitab student version /  |c by Minitab Inc. 
250 |a Release 12 for Windows 
260 |a Pacific Grove, CA :   |b Duxbury,   |c c1998 
300 |a ποικίλη σελιδαρίθμηση;  |b σχ.;  |c 24 εκ.+  |e 1 οπτική δισκέτα λέϊζερ Η/Υ 4 3/4 ίν. 
504 |a Περιλαμβάνει ευρετήριο 
650 0 0 |a Statistics  |x Computer programs. 
852 |a INST  |b CHIOS  |e 20041109  |h 519.5 MIN  |p 005200022919  |q 005200022919  |t BK  |y 0 
852 |a INST  |b CHIOS  |e 20041110  |h 519.5 MIN   |p 005200019397  |q 005200019397  |t BK  |y 0 
901 |a BIBL2-2004-3 
909 |a Χ  |b 106727 
909 |a Χ  |b 106728 
922 |a 2ΕΛΗ  |b 200310  |c ΤΔΕ  |d ΠΑΠΑΣΩΤΗΡΙΟΥ 
950 |a 112-2003-09-05 
970 |a ΣΑΛΑΜΟΥΡΑ  |b ΜΑΡΙΑ  |z 2004/11/10